Statistics for 15 Largest Cities in Puerto Rico🇵🇷

Click here to take the quiz!

General Stats

  • This quiz has been taken 12 times
  • The average score is 5 of 15

Answer Stats

PopulationCity% Correct
418kSan Juan
100%
152kPonce
58%
86kCaguas
33%
49kArecibo
25%
22kBarceloneta
25%
203kBayamon
25%
170kCarolina
25%
28kCatano
25%
34kFajardo
25%
21kGuayama
25%
81kGuaynabo
25%
29kLevittown
25%
78kMayagueez
25%
54kTrujillo Alto
25%
29kVega Baja
25%

Score Distribution

Percentile by Number Answered

Percent of People with Each Score

Your Score History

You have not taken this quiz